000 00264nam a22001217a 4500
008 170531b xxu||||| |||| 00| 0 eng d
041 _aeng
080 _a94
100 _a17
101 _aSHH
245 _aFAMILY SEX AND MARRIAGE
_cSTONE.L
942 _2udc
_cBK
999 _c15118
_d15118